000 00743am a2200265a 44500
003 AR-BaBNM
005 20251128205153.0
008 016119s1993 #AR|||||||||||000 | spa||
020 _a0-87779-201-1
040 _cAR-BaBNM
245 1 0 _aWebster's third new international dictionary of the english language
_bunabridged
260 _aSpringfield
_bMerriam-Webster
_bEncyclopaedia Britannica
_c1993
300 _ap. 120-2662
_bil.
500 _aContiene índice de contenidos en p. 3a
650 4 _aINGLES
650 4 _aFONETICA
650 4 _aFILOLOGIA
650 4 _aGRAMATICA
650 4 _aTERMINOLOGIA
650 4 _aLEXICOGRAFIA
655 _aREFERENCIA
700 1 _aGove, Philip B.
_eeditor
942 _cBK
998 _cMARTIN
999 _c10279
_d10279